00445nam a2200181Ia 4500008004100000020001800041050001400059100002100073245002800094245004200122260001500164260001600179260000900195300001400204300002700218300001000245500000800255170918s9999 xx 000 0 und d a9780439135753 bC475 2000 aCharles, Faustin 4aThe selfish crocodile / cby Faustin Charles and Michael Terry. aNew York : bScholastic, c2000 aunpaged : bcolored illustration ; c22cm. a580